<?xml version="1.0" encoding="UTF-8"?><?xml-stylesheet type="text/xsl" href="static/style.xsl"?><OAI-PMH xmlns="http://www.openarchives.org/OAI/2.0/" xmlns:xsi="http://www.w3.org/2001/XMLSchema-instance" xsi:schemaLocation="http://www.openarchives.org/OAI/2.0/ http://www.openarchives.org/OAI/2.0/OAI-PMH.xsd"><responseDate>2026-04-17T08:13:42Z</responseDate><request verb="GetRecord" identifier="oai:www.recercat.cat:10230/71275" metadataPrefix="marc">https://recercat.cat/oai/request</request><GetRecord><record><header><identifier>oai:recercat.cat:10230/71275</identifier><datestamp>2025-09-26T19:17:26Z</datestamp><setSpec>com_2072_6</setSpec><setSpec>col_2072_452952</setSpec></header><metadata><record xmlns="http://www.loc.gov/MARC21/slim" xmlns:dcterms="http://purl.org/dc/terms/" xmlns:xsi="http://www.w3.org/2001/XMLSchema-instance" xmlns:doc="http://www.lyncode.com/xoai" xsi:schemaLocation="http://www.loc.gov/MARC21/slim http://www.loc.gov/standards/marcxml/schema/MARC21slim.xsd">
   <leader>00925njm 22002777a 4500</leader>
   <datafield ind2=" " ind1=" " tag="042">
      <subfield code="a">dc</subfield>
   </datafield>
   <datafield ind2=" " ind1=" " tag="720">
      <subfield code="a">Saiz Arnaiz, Alejandro</subfield>
      <subfield code="e">author</subfield>
   </datafield>
   <datafield ind2=" " ind1=" " tag="720">
      <subfield code="a">Solanes Mullor, Joan</subfield>
      <subfield code="e">author</subfield>
   </datafield>
   <datafield ind2=" " ind1=" " tag="260">
      <subfield code="c">2025-09-25T16:23:49Z</subfield>
   </datafield>
   <datafield ind2=" " ind1=" " tag="260">
      <subfield code="c">2025-09-25T16:23:49Z</subfield>
   </datafield>
   <datafield ind2=" " ind1=" " tag="260">
      <subfield code="c">2025</subfield>
   </datafield>
   <datafield ind2=" " ind1=" " tag="260">
      <subfield code="c">2025-09-25T16:23:49Z</subfield>
   </datafield>
   <datafield ind2=" " ind1=" " tag="520">
      <subfield code="a">This open access book provides a compelling re-examination of the European Union judiciary, encompassing the European Court of Human Rights, the Court of Justice of the European Union and constitutional courts, as explored by prominent scholars from the Spanish academic community.
Organised into three substantive parts, the book explores the essential interplay between these judicial bodies, emphasising how their distinct roles, challenges and evolutions are deeply interconnected. Together, these institutions form a cohesive yet occasionally tension-filled 'community of judges' that collaborates, interacts, and sometimes diverges in shaping the legal landscape of Europe.
The first part examines the institutional framework and the foundational role of the European Court of Human Rights, focusing on its influence on European legal norms and human rights protections. The second part addresses the institutional challenges faced by the Court of Justice of the European Union, including its function as a cornerstone of EU law and its interactions with other courts. The final part investigates the role of constitutional courts within EU Member States, highlighting their responses to European integration and their dynamic relationships with supranational courts.
By exploring the interdependencies, mutual influences, and occasional tensions within this 'community of judges', the book reveals how these courts, in collaboration with European scholarship, collectively contribute to a broader 'community of law' that continues to shape the legal and political order of Europe.</subfield>
   </datafield>
   <datafield ind2=" " ind1=" " tag="520">
      <subfield code="a">The Jean Monnet Chair of Alejandro Saiz Arnaiz Community of Law and Community of Judges: The European Judiciary and the Future of the Union at Pompeu Fabra University (Ref. number: 101047901) provided the vital forum and essential foundation for the research, collaboration and intellectual exchange that led to the work compiled in these pages. By fostering a deeper understanding of European integration and especially its legal dimensions, the Jean Monnet Programme plays a key role in generating scientific knowledge and informed debate on the crucial issues currently facing the EU.
Finally, the book has benefited from the support of the research project funded by the Ministry of Science and Innovation of the Spanish Government entitled Populismo y poder judicial: los retos para el Estado constitucional de derecho (PRESP07023-AEI- PID2022/136707NB-100, funded by MICIU/AEI/10.13039/501100011033). This project provided the resources necessary for delving deeply into the complex relationship between populism, the judiciary and the rule of law within the EU. This funding facilitated extensive research, fostered collaboration among the contributing authors,and supported the organisation of academic events and discussions that significantly enriched the ideas presented in this book.</subfield>
   </datafield>
   <datafield ind1="8" ind2=" " tag="024">
      <subfield code="a">http://hdl.handle.net/10230/71275</subfield>
   </datafield>
   <datafield tag="653" ind2=" " ind1=" ">
      <subfield code="a">Jutges</subfield>
   </datafield>
   <datafield ind2="0" ind1="0" tag="245">
      <subfield code="a">The European judiciary: a community of law and a community of judges</subfield>
   </datafield>
</record></metadata></record></GetRecord></OAI-PMH>